[Event "2nd Washington Int"]
[Site "Rockville USA"]
[Date "2013.08.07"]
[Round "4.17"]
[White "Chiang, Sarah"]
[Black "Schuyler, James"]
[Result "1/2-1/2"]
[WhiteTitle "WFM"]
[BlackTitle "FM"]
[WhiteElo "2067"]
[BlackElo "2333"]
[WhiteFideId "2010810"]
[BlackFideId "2001861"]
[EventDate "2013.08.06"]

1. d4 Nc6 2. Nf3 d6 3. e4 Nf6 4. Nc3 g6 5. d5 Nb8 6. h3 Bg7 7. Bc4 O-O 8. O-O e5
9. dxe6 Bxe6 10. Bxe6 fxe6 11. e5 dxe5 12. Nxe5 Nd5 13. Qg4 Qf6 14. Nf3 Nxc3 15.
bxc3 Nc6 16. Rb1 b6 17. Nd4 Nxd4 18. cxd4 Qf5 19. Qxf5 Rxf5 20. Bb2 Rd8 21. c3
Ra5 22. a3 e5 23. dxe5 Bxe5 24. Rbd1 Rd6 25. g3 Kf7 26. Kg2 Ke6 27. f4 Rxd1 28.
Rxd1 Bd6 29. c4 Bxa3 30. Bc3 Rf5 31. Ra1 Bd6 32. Rxa7 Rc5 33. Ra4 b5 34. Rb4
Rxc4 35. Rxc4 bxc4 36. Kf3 Be7 37. Ke4 Bf6 38. Bd2 c3 39. Bc1 c5 40. g4 Bh4 41.
f5+ gxf5+ 42. gxf5+ Kf6 43. Kd3 Be1 44. Ba3 Kxf5 45. Bxc5 Kf4 46. Ke2 c2 47. Ba3
Bb4 48. Bxb4 c1=N+ 49. Kd2 Kg3 1/2-1/2

[Event "2nd Washington Int"]
[Site "Rockville USA"]
[Date "2013.08.07"]
[Round "4.18"]
[White "Li, Ruifeng"]
[Black "Adithya, B."]
[Result "1-0"]
[WhiteTitle "CM"]
[WhiteElo "2246"]
[BlackElo "2311"]
[WhiteFideId "2061074"]
[BlackFideId "5020506"]
[EventDate "2013.08.06"]

1. e4 e5 2. Nf3 Nc6 3. Bb5 a6 4. Ba4 Nf6 5. O-O Be7 6. Re1 b5 7. Bb3 O-O 8. h3
Bb7 9. d3 d6 10. c3 Na5 11. Bc2 c5 12. Nbd2 Re8 13. Nf1 Bf8 14. Ng3 g6 15. Be3
Bg7 16. Qd2 Qe7 17. Bh6 Qf8 18. Bxg7 Qxg7 19. a4 Nc6 20. Bb3 b4 21. a5 Rab8 22.
Bc4 h6 23. Qe3 Nd7 24. Nh2 Kh7 25. Rf1 bxc3 26. bxc3 Ne7 27. f4 d5 28. exd5 Nxd5
29. Bxd5 Bxd5 30. f5 Rb2 31. Rf2 Reb8 32. Ng4 h5 33. f6 Qf8 34. Nxh5 gxh5 35.
Rf5 Rxg2+ 36. Kf1 Rxg4 37. hxg4 Nxf6 38. Rxf6 Qg7 39. g5 e4 40. c4 Bb7 41. Qf4
Rf8 42. Rb1 Bc8 43. dxe4 Kg8 44. Kf2 Bg4 45. Rb7 Be6 46. e5 Bc8 47. Rc7 Be6 48.
g6 Qxg6 49. Rxg6+ fxg6 50. Qxf8+ Kxf8 51. Rxc5 Bd7 52. Rc7 Ke8 53. c5 Kd8 54.
Ra7 Bc8 55. Rg7 Bf5 56. Kg3 1-0

[Event "2nd Washington Int"]
[Site "Rockville USA"]
[Date "2013.08.07"]
[Round "4.19"]
[White "Rohonyan, Katerina"]
[Black "Chiang, Jonathan"]
[Result "1-0"]
[WhiteTitle "WGM"]
[BlackTitle "FM"]
[WhiteElo "2299"]
[BlackElo "2165"]
[WhiteFideId "14107503"]
[BlackFideId "2010801"]
[EventDate "2013.08.06"]

1. e4 c5 2. Nf3 d6 3. d4 cxd4 4. Nxd4 Nf6 5. Nc3 a6 6. Bg5 Nbd7 7. Qe2 Qa5 8. h4
b5 9. O-O-O e6 10. g3 Bb7 11. Bg2 Rc8 12. Nb3 Qc7 13. a3 Be7 14. Kb1 Ne5 15. Nd2
Nc6 16. Rhe1 O-O 17. h5 h6 18. Be3 Ne5 19. f3 d5 20. f4 Nc4 21. Nxc4 bxc4 22.
exd5 Nxd5 23. Bxd5 Bxd5 24. Nxd5 exd5 25. Bd4 Bd6 26. Bc3 Rb8 27. Ka2 Rb5 28.
Qg4 f5 29. Qg6 Rb6 30. Re6 Rfb8 31. Rxd5 Qb7 32. Re8+ Bf8 33. Rxb8 Qxb8 34. Qxf5
Qe8 35. Rd7 Re6 36. Qd5 1-0

[Event "2nd Washington Int"]
[Site "Rockville USA"]
[Date "2013.08.07"]
[Round "4.20"]
[White "Kahn, Aaron E"]
[Black "Kaufman, Larry C"]
[Result "1/2-1/2"]
[BlackTitle "GM"]
[WhiteElo "2266"]
[BlackElo "2332"]
[WhiteFideId "2025701"]
[BlackFideId "2000555"]
[EventDate "2013.08.06"]

1. d4 Nf6 2. c4 g6 3. g3 c5 4. d5 b5 5. cxb5 a6 6. bxa6 d6 7. Nc3 Bg7 8. Bg2 O-O
9. Nf3 Bf5 10. Nh4 Bd7 11. O-O Nxa6 12. Bd2 Qb6 13. Rb1 Rfb8 14. h3 Nc7 15. a3
Qb3 16. e4 Nfe8 17. f4 Qxd1 18. Rfxd1 Rb3 19. e5 Rab8 20. Ne4 Rxb2 21. Rxb2 Rxb2
22. Ba5 Nb5 23. Bd8 Kf8 24. a4 Nd4 25. a5 Bb5 26. Nc3 Ba6 27. Na4 Ra2 28. Nb6
Ne2+ 29. Kh2 c4 30. Nd7+ Kg8 31. Rb1 Bc8 32. Nb6 c3 33. Nxc8 c2 34. Nxe7+ Kf8
35. Re1 c1=Q 36. Rxc1 Nxc1 37. Nc6 Nd3 38. Be7+ Kg8 39. exd6 Nc5 40. Nf3 Bf8 41.
Nfd4 Nxd6 42. Bxd6 Bxd6 43. Nb5 Nb7 44. Nxd6 Nxd6 45. g4 Nc4 46. Kg3 Nxa5 47.
Ne5 Rd2 48. g5 Nb7 49. Ng4 Nd6 50. Nf6+ Kg7 51. Bf1 h6 52. Kf3 hxg5 53. fxg5 Kf8
54. Ke3 Rb2 55. Kf3 Ke7 56. Bd3 Rd2 57. Ba6 Nf5 58. Bc8 Nd6 59. Bg4 Nc4 60. Ke4
Rf2 1/2-1/2

[Event "2nd Washington Int"]
[Site "Rockville USA"]
[Date "2013.08.07"]
[Round "4.21"]
[White "Chevannes, Sabrina L"]
[Black "Wang, Kevin"]
[Result "1/2-1/2"]
[WhiteTitle "WFM"]
[WhiteElo "2160"]
[BlackElo "2321"]
[WhiteFideId "411280"]
[BlackFideId "2008424"]
[EventDate "2013.08.06"]

1. d4 Nf6 2. Nf3 c5 3. d5 e6 4. Nc3 d6 5. e4 exd5 6. exd5 g6 7. Bb5+ Bd7 8. O-O
Bxb5 9. Nxb5 a6 10. Na3 Be7 11. Bh6 Ng4 12. Bg7 Rg8 13. Bc3 Bf6 14. Re1+ Kf8 15.
Qd2 Bxc3 16. Qxc3 b5 17. Qd2 Kg7 18. c4 b4 19. h3 Nf6 20. Nc2 Nbd7 21. Qf4 Nb6
22. b3 a5 23. Ng5 h6 24. Nf3 a4 25. g4 Qd7 26. Rad1 Rge8 27. Nd2 Nfxd5 28. cxd5
Nxd5 29. Qf3 Nc3 30. Ra1 axb3 31. axb3 Rxa1 32. Rxa1 Re2 33. Qd3 Qe6 34. Ne3 d5
35. Rf1 h5 36. Nb1 Qe4 37. Qxe4 Nxe4 38. Nxd5 Rb2 39. Ne3 Rxb3 40. Kg2 Kf6 41.
gxh5 gxh5 42. Rd1 Rb2 43. Rf1 Ke6 44. Kf3 f5 45. Nc4 Rb3+ 46. Kg2 Kd5 47. Ne3+
Ke6 48. Nc4 Kd5 49. Ne3+ Ke5 50. Rd1 f4 51. Nc4+ Kf5 52. Rd5+ Kg6 53. Nbd2 f3+
54. Nxf3 Rc3 55. Ncd2 Nf6 56. Rd6 Kf5 57. Rc6 Nd5 58. Kg3 b3 59. Nxb3 1/2-1/2

[Event "2nd Washington Int"]
[Site "Rockville USA"]
[Date "2013.08.07"]
[Round "4.22"]
[White "Vibbert, Sean"]
[Black "Kane, Jeremy"]
[Result "1-0"]
[WhiteElo "2317"]
[BlackElo "2196"]
[WhiteFideId "2030292"]
[BlackFideId "2027852"]
[EventDate "2013.08.06"]

1. e4 e5 2. Nf3 Nc6 3. Bb5 Nf6 4. O-O Nxe4 5. Re1 Nd6 6. Nc3 Be7 7. Nxe5 Nxe5 8.
Rxe5 O-O 9. Bd3 Bf6 10. Re3 Re8 11. Nd5 Rxe3 12. fxe3 c6 13. Nxf6+ Qxf6 14. Qg4
g6 15. Rb1 Ne8 16. b3 d6 17. Qb4 c5 18. Qe4 Qe6 19. Qh4 Qg4 20. Qd8 Qd7 21. Qa5
b6 22. Qc3 Bb7 23. Bb2 f6 24. Qc4+ d5 25. Qh4 Qc6 26. Rf1 Kg7 27. Rf3 c4 28. Rh3
cxd3 29. Qxh7+ Kf8 30. Ba3+ Nd6 31. Bxd6+ Qxd6 32. Qxb7 1-0

[Event "2nd Washington Int"]
[Site "Rockville USA"]
[Date "2013.08.07"]
[Round "4.23"]
[White "Homa, Seth"]
[Black "Lee, Megan"]
[Result "1-0"]
[WhiteTitle "FM"]
[BlackTitle "WFM"]
[WhiteElo "2311"]
[BlackElo "2084"]
[WhiteFideId "2031779"]
[BlackFideId "2029618"]
[EventDate "2013.08.06"]

1. e4 e5 2. Nf3 Nc6 3. Bb5 a6 4. Ba4 Nf6 5. O-O b5 6. Bb3 Bc5 7. c3 d6 8. a4 Rb8
9. d4 Bb6 10. Na3 exd4 11. cxd4 Na5 12. Ba2 b4 13. Nc4 Nxc4 14. Bxc4 Nxe4 15. a5
Ba7 16. Qe2 d5 17. Bxa6 Bg4 18. h3 Bd7 19. Bd3 O-O 20. Bf4 Nd6 21. Qc2 Nb5 22.
Bxh7+ Kh8 23. Rad1 Rc8 24. Bf5 c5 25. Bxd7 Qxd7 26. Ng5 g6 27. dxc5 Bxc5 28. Qd3
Bd4 29. Rd2 Rfd8 30. Rfd1 Rc4 31. Qg3 Kg8 32. Nf3 Bg7 33. Ne5 Bxe5 34. Bxe5 Qe6
35. Qg5 Rcc8 36. f4 Kf8 37. Qh4 1-0

[Event "2nd Washington Int"]
[Site "Rockville USA"]
[Date "2013.08.07"]
[Round "4.24"]
[White "Clancy, Daniel J"]
[Black "Kleinman, Michael"]
[Result "0-1"]
[BlackTitle "FM"]
[WhiteElo "2119"]
[BlackElo "2280"]
[WhiteFideId "2026074"]
[BlackFideId "2609479"]
[EventDate "2013.08.06"]

1. d4 Nf6 2. c4 g6 3. f3 e6 4. e4 d5 5. Nc3 dxe4 6. fxe4 e5 7. d5 Bc5 8. Nf3 Qd6
9. Bg5 Nbd7 10. a3 a5 11. Bd3 h6 12. Bh4 g5 13. Bg3 c6 14. Na4 Be3 15. c5 Bxc5
16. Nxc5 Qxc5 17. Nxe5 Nxe5 18. Bxe5 Ng4 19. Bg3 cxd5 0-1

[Event "2nd Washington Int"]
[Site "Rockville USA"]
[Date "2013.08.07"]
[Round "4.26"]
[White "Prathiba, Yuvarajan"]
[Black "Thompson, Ian D"]
[Result "1/2-1/2"]
[WhiteTitle "WIM"]
[BlackTitle "FM"]
[WhiteElo "2174"]
[BlackElo "2260"]
[WhiteFideId "5009871"]
[BlackFideId "405205"]
[EventDate "2013.08.06"]

1. e4 e6 2. d4 d5 3. Nd2 Nf6 4. e5 Nfd7 5. f4 c5 6. c3 Nc6 7. Ndf3 Qb6 8. g3 f5
9. Ne2 Be7 10. Bh3 O-O 11. Kf1 a5 12. Kg2 a4 13. g4 a3 14. b3 cxd4 15. cxd4 Bb4
16. Be3 Ne7 17. Rc1 Nb8 18. Rg1 Bd7 19. Kh1 Nbc6 20. Ng3 fxg4 21. Bxg4 Ng6 22.
Nh5 Nce7 23. Qf1 Nf5 24. Bxf5 Rxf5 25. Qh3 Be7 26. Rg4 Rc8 27. Rxc8+ Bxc8 28.
Ng3 Rf7 29. Qg2 Qb5 30. Qc2 Bd7 31. h4 Qc6 32. Qd2 Qa6 33. h5 Nf8 34. Ng5 Bxg5
35. fxg5 Bb5 36. Rf4 Rxf4 37. Bxf4 Bd3 38. h6 Bg6 39. Kg2 Qd3 40. Qxd3 Bxd3 41.
Bc1 Bb1 42. Bxa3 gxh6 43. gxh6 Nd7 44. Nh5 Bxa2 45. Nf6+ Nxf6 46. exf6 Bxb3 47.
Kf3 Kf7 48. Be7 Bc2 49. Kf4 b5 50. Ke5 Bg6 51. Bb4 Bf5 52. Bc5 1/2-1/2

[Event "2nd Washington Int"]
[Site "Rockville USA"]
[Date "2013.08.07"]
[Round "4.27"]
[White "Williams, Justus D"]
[Black "Martin Del Campo C., Jorge"]
[Result "1-0"]
[BlackTitle "FM"]
[WhiteElo "2251"]
[BlackElo "2135"]
[WhiteFideId "2049929"]
[BlackFideId "5101034"]
[EventDate "2013.08.06"]

1. Nf3 Nf6 2. c4 b6 3. g3 c5 4. Bg2 Bb7 5. O-O e6 6. d4 cxd4 7. Qxd4 Bc5 8. Qf4
O-O 9. Nc3 Qe7 10. e4 Bb4 11. e5 Bxc3 12. bxc3 Ne4 13. Nd4 Nc5 14. Bxb7 Nxb7 15.
Qg4 Kh8 16. Bg5 Qc5 17. Rae1 Qxc4 18. Qh5 Nc6 19. Nxc6 Qxc6 20. Be7 Rfe8 21.
Qxf7 Nc5 22. Re3 Rac8 23. h4 Qa4 24. h5 h6 25. g4 Rxe7 26. Qxe7 Qf4 27. Rfe1 Rf8
28. Qh4 Qc4 29. Qg3 Qxa2 30. Rf3 Rc8 31. Rf4 Qc2 32. Re3 Kh7 33. Kg2 Qd1 34. Rd4
Qc2 35. g5 hxg5 36. Qxg5 Qf5 37. Rg3 Qxg5 38. Rxg5 Rf8 39. f4 Rf7 40. Kf3 Kh6
41. Rg6+ Kxh5 42. Rg5+ Kh6 43. Rd1 Kh7 44. Rh1+ Kg8 45. Rgh5 Kf8 46. Rh8+ Ke7
47. Ke3 Na4 48. Rc8 b5 49. Rhh8 Rf5 50. Ke4 d5+ 51. Ke3 Kf7 52. Rc7+ Kg6 53. Rh1
Nb6 54. Rg1+ Kh6 55. Rh1+ Kg6 56. Rh4 Nc4+ 57. Kd4 a5 58. Kc5 b4 59. cxb4 axb4
60. Kxb4 Nd2 61. Kc3 Ne4+ 62. Kd4 Rf8 63. Ke3 Rg8 64. Rg4+ Kh7 65. Re7 Nc5 66.
Rg1 Kh6 67. Rc1 Nb3 68. Rxe6+ g6 69. Rh1+ Kg7 70. Re7+ Kf8 71. Rhh7 d4+ 72. Kf2 1-0

[Event "2nd Washington Int"]
[Site "Rockville USA"]
[Date "2013.08.07"]
[Round "4.28"]
[White "Busygin, Stanislav"]
[Black "Rozman, Levy"]
[Result "0-1"]
[WhiteElo "2141"]
[BlackElo "2207"]
[WhiteFideId "2007029"]
[BlackFideId "2039877"]
[EventDate "2013.08.06"]

1. e4 c6 2. d4 d5 3. Nc3 dxe4 4. Nxe4 Bf5 5. Ng3 Bg6 6. Nh3 e6 7. Nf4 Bd6 8.
Ngh5 Nf6 9. Nxg7+ Kd7 10. c3 Bxf4 11. Bxf4 Rg8 12. Bg5 Rxg7 13. Qf3 Bf5 14. Bh4
Rg4 15. Bg3 Ke8 16. Be2 Rg6 17. O-O Bg4 18. Qd3 Bxe2 19. Qxe2 Qd5 20. c4 Qe4 21.
Qd2 Nbd7 22. Qa5 b6 23. Qa6 Kd8 24. Rfe1 Qf5 25. Qb7 Rc8 26. Qxa7 Qa5 27. Qb7
Qa8 28. Bc7+ Ke7 29. Qxa8 Rxa8 30. f4 Rc8 31. f5 Rg4 32. fxe6 fxe6 33. Be5 Rcg8
34. g3 Nxe5 35. Rxe5 Rxd4 36. Rae1 Rd6 37. c5 bxc5 38. Rxc5 h5 39. Rec1 Kd7 40.
Ra5 Rd2 41. Ra7+ Kd6 42. Ra6 Rc8 43. b4 Rb2 44. a3 h4 45. gxh4 Rg8+ 46. Kf1 Nd5
47. Rcxc6+ Ke5 48. Rxe6+ Kf4 49. Rg6 Rf8 50. Ke1 Rxh2 51. Rh6 Kf3 52. Kd1 Ke3
53. Rhe6+ Kd3 54. Rad6 Rf1+ 0-1

[Event "2nd Washington Int"]
[Site "Rockville USA"]
[Date "2013.08.08"]
[Round "5.1"]
[White "Mulyar, Michael A."]
[Black "Kekelidze, Mikheil"]
[Result "1-0"]
[WhiteTitle "IM"]
[BlackTitle "GM"]
[WhiteElo "2389"]
[BlackElo "2470"]
[WhiteFideId "2008742"]
[BlackFideId "13600818"]
[EventDate "2013.08.06"]

1. d4 Nf6 2. c4 c5 3. d5 g6 4. Nc3 d6 5. e4 Bg7 6. h3 O-O 7. Nf3 Nh5 8. Bg5 Qb6
9. Qd2 e5 10. dxe6 Bxe6 11. O-O-O Nc6 12. Bh6 Ne5 13. Bxg7 Kxg7 14. Nxe5 dxe5
15. Nd5 Bxd5 16. exd5 f5 17. Kb1 Qd6 18. Be2 Nf4 19. g3 Nxe2 20. Qxe2 b5 21.
Rhe1 e4 22. cxb5 a6 23. b6 Rab8 24. f3 Rfe8 25. fxe4 fxe4 26. Qc2 Qxb6 27. d6
Re6 28. d7 Rd6 29. Rxd6 Qxd6 30. Qxe4 Qxg3 31. Rd1 Qc3 32. Qe7+ Kh6 33. Qe2 Qa5
34. Qe3+ g5 35. Rd6+ Kg7 36. Qe7+ 1-0

[Event "2nd Washington Int"]
[Site "Rockville USA"]
[Date "2013.08.08"]
[Round "5.2"]
[White "Quesada Perez, Yuniesky"]
[Black "Sarkar, Justin"]
[Result "1-0"]
[WhiteTitle "GM"]
[BlackTitle "IM"]
[WhiteElo "2636"]
[BlackElo "2437"]
[WhiteFideId "3504409"]
[BlackFideId "2010011"]
[EventDate "2013.08.06"]

1. e4 c6 2. d4 d5 3. e5 Bf5 4. Nf3 e6 5. Be2 c5 6. Be3 Qb6 7. Nc3 Qxb2 8. Qb1
Qb4 9. a3 Qxb1+ 10. Rxb1 c4 11. Rxb7 Nc6 12. Nb5 Nd8 13. Rc7 Rb8 14. Nd6+ Bxd6
15. exd6 Rb1+ 16. Bd1 Bxc2 17. Kd2 Bxd1 18. Rxd1 Rb6 19. Bf4 Nf6 20. Re7+ Kf8
21. Kc2 Ne4 22. Rb1 f6 23. h4 Rxb1 24. Kxb1 a5 25. Ra7 Nxf2 26. Bd2 g5 27. hxg5
Ne4 28. Bxa5 Nf7 29. d7 Rg8 30. Ra8+ Kg7 31. Rxg8+ Kxg8 32. gxf6 Nxf6 33. d8=Q+
Nxd8 34. Bxd8 Ne4 35. Kc2 1-0

[Event "2nd Washington Int"]
[Site "Rockville USA"]
[Date "2013.08.08"]
[Round "5.3"]
[White "Ludwig, Daniel"]
[Black "Fridman, Daniel"]
[Result "1/2-1/2"]
[WhiteTitle "IM"]
[BlackTitle "GM"]
[WhiteElo "2479"]
[BlackElo "2634"]
[WhiteFideId "2024322"]
[BlackFideId "11600454"]
[EventDate "2013.08.06"]

1. d4 d5 2. c4 e6 3. Nf3 Nf6 4. Bg5 Be7 5. Nc3 h6 6. Bxf6 Bxf6 7. e3 O-O 8. Rc1
c6 9. Bd3 dxc4 10. Bxc4 Nd7 11. O-O e5 12. Ne4 exd4 13. Nxd4 Nb6 14. Nxf6+ Qxf6
15. Bb3 Qe5 16. Qc2 Bd7 17. Rfd1 Rac8 18. Qc5 Qxc5 19. Rxc5 Rfd8 20. Rdc1 Kf8
21. f4 Re8 22. Kf2 Rcd8 23. Kf3 Nc8 24. R5c3 Ne7 25. Rd1 Ng8 26. h3 Nf6 27. Rcc1
h5 28. a3 g6 29. Ke2 Ne4 30. Bc2 Nd6 31. Bb1 Re7 32. Nf3 Be6 33. Ne5 Ree8 34.
Rd4 Ke7 35. Rcd1 c5 36. R4d2 Nc4 37. Nxc4 Bxc4+ 38. Kf3 Bb3 39. Rxd8 Rxd8 40.
Rxd8 Kxd8 41. g4 hxg4+ 42. Kxg4 Ke7 43. h4 b5 44. f5 Kf6 45. fxg6 fxg6 46. Kf4
b4 47. axb4 cxb4 48. Ke4 a5 49. Kd4 a4 50. Bd3 Bf7 51. Bc2 a3 52. bxa3 bxa3 53.
Kc3 Ke5 54. Bxg6 Bxg6 55. Kb3 1/2-1/2

[Event "2nd Washington Int"]
[Site "Rockville USA"]
[Date "2013.08.08"]
[Round "5.5"]
[White "Sundararajan, Kidambi"]
[Black "Lenderman, Aleksandr"]
[Result "1/2-1/2"]
[WhiteTitle "GM"]
[BlackTitle "GM"]
[WhiteElo "2458"]
[BlackElo "2527"]
[WhiteFideId "5005370"]
[BlackFideId "2021285"]
[EventDate "2013.08.06"]

1. Nf3 c5 2. g3 g6 3. c3 Bg7 4. d4 cxd4 5. cxd4 d5 6. Bg2 Nc6 7. Nc3 Nh6 8. O-O
O-O 9. e3 Nf5 10. Qe2 e6 11. Bd2 b6 12. Rfc1 Bb7 13. Be1 Rc8 14. a4 Qd7 15. Qd1
Rfd8 16. Ne2 a5 17. Nf4 Ba6 18. Nd3 Nd6 19. Rc2 Ne4 20. b3 Bxd3 21. Qxd3 Nb4 22.
Bxb4 axb4 23. Rac1 Nc3 24. Bh3 f5 25. Bf1 Bf6 26. Qd2 Qd6 27. Ba6 Rc7 28. Qd3
Re7 29. Rd2 Kg7 30. Kg2 Ra8 31. Bb5 Rc8 32. Ba6 Rc6 33. Bb5 Rcc7 34. Ba6 b5 35.
axb5 Nxb5 36. Rxc7 Nxc7 37. Bb5 e5 38. dxe5 Bxe5 39. Nd4 Bf6 40. Rc2 Nxb5 41.
Nxb5 Qe6 42. Nd4 Qe4+ 43. Qxe4 dxe4 44. Rc4 1/2-1/2

[Event "2nd Washington Int"]
[Site "Rockville USA"]
[Date "2013.08.08"]
[Round "5.6"]
[White "Hunt, Adam C"]
[Black "Yang, Darwin"]
[Result "1/2-1/2"]
[WhiteTitle "IM"]
[BlackTitle "IM"]
[WhiteElo "2430"]
[BlackElo "2480"]
[WhiteFideId "403970"]
[BlackFideId "2029111"]
[EventDate "2013.08.06"]

1. e4 e5 2. Nf3 Nc6 3. Bb5 a6 4. Ba4 Nf6 5. O-O Be7 6. Re1 b5 7. Bb3 d6 8. c3
O-O 9. h3 Nb8 10. d4 Nbd7 11. Nbd2 Bb7 12. Bc2 Re8 13. Nf1 Bf8 14. Ng3 g6 15. b3
c6 16. a4 Rc8 17. Bb2 Qc7 18. axb5 cxb5 19. d5 b4 20. c4 a5 21. Bc1 Ra8 22. Be3
Nc5 23. Qd2 Reb8 24. Bh6 Bxh6 25. Qxh6 Qd8 26. Nd2 Nfd7 27. Re3 Qf8 28. Qh4 Qd8
29. Qh6 Qf8 30. Qh4 Qd8 31. Qh6 Qf8 1/2-1/2

[Event "2nd Washington Int"]
[Site "Rockville USA"]
[Date "2013.08.08"]
[Round "5.7"]
[White "Chirila, Ioan-Cristian"]
[Black "Shetty, Atulya"]
[Result "1-0"]
[WhiteTitle "GM"]
[BlackTitle "FM"]
[WhiteElo "2520"]
[BlackElo "2341"]
[WhiteFideId "1211668"]
[BlackFideId "2031213"]
[EventDate "2013.08.06"]

1. d4 d5 2. c4 c6 3. cxd5 cxd5 4. Nc3 Nf6 5. Bf4 Nc6 6. e3 a6 7. Rc1 Bg4 8. f3
Bf5 9. g4 Bg6 10. h4 h6 11. Nge2 e6 12. Kf2 Be7 13. Bg3 O-O 14. Nf4 Bd6 15. Be2
Qe7 16. Kg2 Rad8 17. g5 hxg5 18. hxg5 Nh7 19. Nxg6 fxg6 20. f4 Nxg5 21. Bh4 Bxf4
22. exf4 Rxf4 23. Qd3 Rdf8 24. Rcf1 Rxf1 25. Rxf1 Rxf1 26. Bxf1 Nf3 27. Bxe7
Ne1+ 28. Kf2 Nxd3+ 29. Bxd3 Nxe7 30. Na4 Nc6 31. Nc5 Nd8 32. Bxg6 Kf8 33. Nd7+
Ke7 34. Ne5 b5 35. Bd3 Kd6 36. Ke3 Nb7 37. Kf4 Na5 38. b3 Nc6 39. Nxc6 Kxc6 40.
Ke5 Kd7 41. Be2 1-0

[Event "2nd Washington Int"]
[Site "Rockville USA"]
[Date "2013.08.08"]
[Round "5.9"]
[White "Abreu Delgado, Aryam"]
[Black "Ostrovskiy, Aleksandr A"]
[Result "1/2-1/2"]
[WhiteTitle "GM"]
[BlackTitle "FM"]
[WhiteElo "2483"]
[BlackElo "2410"]
[WhiteFideId "3502589"]
[BlackFideId "2034239"]
[EventDate "2013.08.06"]

1. e4 e6 2. d4 d5 3. Nc3 Bb4 4. a3 Bxc3+ 5. bxc3 dxe4 6. Qg4 Nf6 7. Qxg7 Rg8 8.
Qh6 Nbd7 9. Ne2 b6 10. Ng3 Bb7 11. a4 c5 12. Bb5 Rg6 13. Qh4 Rg4 14. Qh6 Rg6 15.
Qh4 Rg4 16. Qh3 Rg6 17. dxc5 bxc5 18. O-O Qe7 19. Qh4 O-O-O 20. Rd1 Nd5 21. Qxe7
Nxe7 22. Rb1 Nb6 23. Be3 Rxd1+ 24. Rxd1 f5 25. c4 Nc6 26. Bxc5 Ne5 27. Ne2 Nexc4
28. Nf4 Rh6 29. a5 Nxa5 30. Bxb6 axb6 31. Nxe6 Bc6 32. Rd8+ Kb7 33. Bxc6+ Nxc6
34. Rd7+ Kb8 35. Rd6 Ne5 36. Rxb6+ Ka7 37. Rd6 Rg6 38. Nd4 Nf3+ 39. Kh1 Nxd4 40.
Rxd4 Rc6 41. c4 Kb6 42. g3 Kc5 43. Rd5+ Kxc4 44. Rxf5 Kd3 45. Kg2 Rc2 46. Rd5+
Kc4 47. Rd7 Ra2 48. h4 e3 49. Kf3 exf2 50. Kg2 h5 51. Rh7 Ra5 52. Kxf2 Kd4 53.
g4 hxg4 54. Kg3 Ra1 55. Kxg4 Ke5 56. Rh6 Rg1+ 57. Kh5 Kf5 58. Ra6 Rg8 59. Ra5+
Kf6 60. Rg5 Rxg5+ 61. hxg5+ Kg7 62. g6 Kg8 63. Kg5 Kg7 64. Kf5 Kg8 65. Kf6 Kf8
66. g7+ Kg8 67. Kg6 1/2-1/2

[Event "2nd Washington Int"]
[Site "Rockville USA"]
[Date "2013.08.08"]
[Round "5.10"]
[White "Uesugi, Shinsaku"]
[Black "Troff, Kayden W"]
[Result "0-1"]
[WhiteTitle "FM"]
[BlackTitle "IM"]
[WhiteElo "2292"]
[BlackElo "2428"]
[WhiteFideId "2024578"]
[BlackFideId "2047896"]
[EventDate "2013.08.06"]

1. e4 c5 2. Nf3 d6 3. d4 cxd4 4. Nxd4 Nf6 5. Nc3 a6 6. Be3 e5 7. Nb3 Be7 8. f3
Be6 9. Qd2 O-O 10. O-O-O Nbd7 11. g4 b5 12. Rg1 Nb6 13. Na5 Qc7 14. g5 Nh5 15.
a3 Rfc8 16. Kb1 Rab8 17. Nd5 Nxd5 18. exd5 Bxd5 19. Qxd5 Qxa5 20. Bh3 Rc4 21.
Be6 Rf8 22. Bg4 Nf4 23. Bxf4 Rxf4 24. Qb7 Bxg5 25. Rxd6 Rf6 26. Rgd1 Rxd6 27.
Rxd6 Qe1+ 28. Ka2 Qe2 29. Rxa6 Qxc2 30. Qxb5 Qxh2 31. Ra7 h5 32. Bf5 Qf4 33. Be4
h4 34. Bd5 g6 35. Qd7 Qf5 36. Qb7 h3 37. f4 exf4 38. a4 h2 39. a5 Kg7 40. a6 f3
41. Bxf3 Be3 42. Ra8 Rxa8 43. Qxa8 Qb5 44. Qb7 Qxb7 45. axb7 Ba7 46. Kb3 f5 47.
Kc4 g5 48. Kd3 g4 49. Bh1 f4 50. Ke2 f3+ 51. Kf1 Kf6 52. Ke1 Ke5 53. Kf1 Kf4 54.
b3 g3 55. b4 Bb8 56. b5 Bd6 57. b6 Bb8 58. Bg2 fxg2+ 59. Kxg2 Ke4 60. Kh1 Kd5
61. Kg2 Kc6 62. Kh1 Kxb7 63. Kg2 Kxb6 64. Kh1 Kc6 65. Kg2 Kd5 66. Kh1 Ke4 67.
Kg2 h1=Q+ 0-1

[Event "2nd Washington Int"]
[Site "Rockville USA"]
[Date "2013.08.08"]
[Round "5.12"]
[White "Neimer, Vitaly"]
[Black "Li, Ruifeng"]
[Result "1/2-1/2"]
[WhiteTitle "IM"]
[BlackTitle "CM"]
[WhiteElo "2379"]
[BlackElo "2246"]
[WhiteFideId "2807017"]
[BlackFideId "2061074"]
[EventDate "2013.08.06"]

1. e4 c5 2. Nf3 Nc6 3. Bb5 e6 4. O-O Nge7 5. Nc3 a6 6. Bxc6 Nxc6 7. d4 cxd4 8.
Nxd4 Be7 9. Re1 O-O 10. Bf4 d6 11. Nxc6 bxc6 12. Na4 e5 13. Be3 f5 14. Qd3 1/2-1/2

[Event "2nd Washington Int"]
[Site "Rockville USA"]
[Date "2013.08.08"]
[Round "5.18"]
[White "Schuyler, James"]
[Black "Piasetski, Leon"]
[Result "0-1"]
[WhiteTitle "FM"]
[BlackTitle "IM"]
[WhiteElo "2333"]
[BlackElo "2286"]
[WhiteFideId "2001861"]
[BlackFideId "2600072"]
[EventDate "2013.08.06"]

1. d4 Nf6 2. Bf4 g6 3. e3 Bg7 4. Nf3 d6 5. Be2 c5 6. O-O cxd4 7. exd4 Qb6 8. Na3
O-O 9. Re1 d5 10. Nb5 Na6 11. c4 dxc4 12. Bxc4 Bd7 13. a4 e6 14. Ne5 Bxb5 15.
axb5 Nc7 16. Bg5 Qd6 17. Qf3 Nfd5 18. Bh4 Nb6 19. Qxb7 Qxd4 20. Bg3 Nxc4 21. Nc6
Qb6 22. Qxc7 Qxb5 23. b3 Bxa1 24. bxc4 Qa4 25. Ne7+ Kg7 26. Be5+ Bxe5 27. Qxe5+
f6 28. Qxe6 Qb4 29. h4 Qc5 30. g4 Rad8 31. h5 Rd6 32. Nf5+ gxf5 33. Qe7+ Rf7 34.
h6+ Kg6 35. gxf5+ Qxf5 36. Qxd6 Qg4+ 37. Qg3 Qxg3+ 38. fxg3 Kxh6 39. Re8 Rc7 40.
Ra8 Kg5 41. Kf2 Kg4 42. c5 h5 43. Rg8+ Kf5 44. Rb8 Kg4 45. Rg8+ Kh3 46. Ra8 Rxc5
47. Rxa7 Rf5+ 48. Kg1 Kxg3 49. Ra3+ Rf3 50. Ra8 f5 51. Rg8+ Kh3 52. Rg2 Rg3 53.
Kh1 f4 54. Rh2+ Kg4 55. Ra2 Re3 56. Kg2 f3+ 57. Kf2 Re4 58. Ra8 Re2+ 59. Kf1 Re4
60. Kf2 Re2+ 61. Kf1 Re4 62. Kf2 0-1

[Event "2nd Washington Int"]
[Site "Rockville USA"]
[Date "2013.08.08"]
[Round "5.25"]
[White "Thompson, Ian D"]
[Black "Clancy, Daniel J"]
[Result "1-0"]
[WhiteTitle "FM"]
[WhiteElo "2260"]
[BlackElo "2119"]
[WhiteFideId "405205"]
[BlackFideId "2026074"]
[EventDate "2013.08.06"]

1. c4 e5 2. g3 c6 3. d4 e4 4. d5 Nf6 5. Nc3 Bb4 6. Qb3 a5 7. a3 Bc5 8. Bg2 Qe7
9. Nh3 d6 10. Bg5 Bf5 11. Bxf6 gxf6 12. Nf4 e3 13. f3 O-O 14. g4 Qe5 15. Nh5 Bc8
16. Ne4 Nd7 17. f4 Qe7 18. Qc3 Bb4 19. axb4 axb4 20. Qc1 1-0